00901nam a22001937a 4500003000400000005001700004008004100021020001500062040002900077050002200106100007900128245027500207260003000482300000800512650003600520942001500556952011900571999001700690OSt20240208102340.0230323b |||||||| |||| 00| 0 eng d a9706480943 cChuka University Library aK 4293b.A87 2002 aLonghorn, Roger A., Victoria Henson-Apollonio and Jeffrey W. White913942 aLegal issues in the Use of Geospatial Data and Tools for Agriculture and Natural Resources Management: A primer =Aspectos juridico-legals del uso de datos y herramientas geoespaciales en la agricultura y en el manejo de los recursos naturales:Manual de conceptos basicos aMexico CitybCIMMYTc2002 a43p aAgricultural informatics913943 2lcccBKn0 00102lcc4070aCHKbCHKcLAWd2023-03-23l0oK 4293.A87 2002p13647/2017r2023-03-23 00:00:00t1w2023-03-23yBK c14087d14087